Nursing Knowledge and practice: (Record no. 260)

MARC details
000 -LEADER
fixed length control field 00620nam a22002057a 4500
003 - CONTROL NUMBER IDENTIFIER
control field OSt
005 - DATE AND TIME OF LATEST TRANSACTION
control field 20140717175830.0
008 - FIXED-LENGTH DATA ELEMENTS--GENERAL INFORMATION
fixed length control field 140717b xxu||||| |||| 00| 0 eng d
020 ## - INTERNATIONAL STANDARD BOOK NUMBER
International Standard Book Number 9780702029400
040 ## - CATALOGING SOURCE
Transcribing agency DNLM
082 ## - DEWEY DECIMAL CLASSIFICATION NUMBER
Classification number WY195 N937m 2009
Item number N
245 ## - TITLE STATEMENT
Title Nursing Knowledge and practice:
Remainder of title foundations for decision making
250 ## - EDITION STATEMENT
Edition statement 3rd ed.
260 ## - PUBLICATION, DISTRIBUTION, ETC. (IMPRINT)
Place of publication, distribution, etc. Edinburgh:
Name of publisher, distributor, etc. Bailliere,
Date of publication, distribution, etc. 2009
300 ## - PHYSICAL DESCRIPTION
Extent xvii,484p;
Other physical details col.ill
Dimensions 28cm
504 ## - BIBLIOGRAPHY, ETC. NOTE
Bibliography, etc References, Glossary & index included<br/>
650 ## - SUBJECT ADDED ENTRY--TOPICAL TERM
Topical term or geographic name as entry element Nursing practice
9 (RLIN) 705
700 ## - ADDED ENTRY--PERSONAL NAME
Personal name Edited by Maggie Mallik, Carol Hall, Howard David
9 (RLIN) 706
942 ## - ADDED ENTRY ELEMENTS (KOHA)
Source of classification or shelving scheme Other/Generic Classification Scheme
Koha item type Open Shelf
Holdings
Withdrawn status Lost status Source of classification or shelving scheme Damaged status Not for loan Home library Current library Date acquired Source of acquisition Inventory number Total Checkouts Full call number Barcode Date last seen Koha item type
    Other/Generic Classification Scheme     MUST Main Library MUST Main Library 17/07/2014   11/35054   WY195 N937m 2009 N 2014-1125 17/07/2014 Open Shelf
    Other/Generic Classification Scheme     MUST Main Library MUST Main Library 17/07/2014   14/37458   WY195 N937m 2009 N 2014-1126 17/07/2014 Open Shelf
    Other/Generic Classification Scheme     MUST Main Library MUST Main Library 17/07/2014   14/37457   WY195 N937m 2009 N 2014-1127 17/07/2014 Open Shelf
    Other/Generic Classification Scheme     MUST Main Library MUST Main Library 17/07/2014   14/37456   WY195 N937m 2009 N 2014-1128 17/07/2014 Open Shelf